[Event "Sotra Hostturneringen"]
[Site "Sotra"]
[Date "2005.11.10"]
[Round "8"]
[White "Woldseth, Ole"]
[Black "Hagen, Oddbjorn"]
[Result "1/2-1/2"]
[WhiteElo "1773"]
[BlackElo "1452"]
[PlyCount "73"]
[EventDate "2005.08.25"]
[EventType "swiss"]
[EventRounds "9"]
[EventCountry "NOR"]
[SourceTitle "EXT 2007"]
[Source "ChessBase"]
[SourceDate "2006.11.23"]
[SourceVersion "1"]
[SourceVersionDate "2006.11.23"]
[SourceQuality "1"]

1. d4 Nf6 2. c4 e6 3. Nf3 d5 4. Bg5 Be7 5. e3 c6 6. Nc3 Nbd7 7. cxd5 exd5 8. Qc2 Nh5 9. Bxe7 Qxe7 10. Bd3 g6 11. 0-0 Ndf6 12. Rfe1 0-0 13. h3 Ng7 14. Rab1 Bf5 15. b4 Rac8 16. Ne5 Nd7 17. e4 dxe4 18. Bxe4 Nxe5 19. Bxf5 Nxf5 20. dxe5 Rcd8 21. f4 Rd4 22. Ne4 Rxb4 23. Rbd1 Rd8 24. Qf2 b6 25. g4 Nd4 26. Nf6+ Kg7 27. Kh1 c5 28. Qg2 Rc4 29. f5 Qc7 30. Nd5 Qc6 31. f6+ Kf8 32. Ne3 Qxg2+ 33. Kxg2 Ra4 34. Rd2 Ne6 35. Red1 Rxd2+ 36. Rxd2 Rd4 37. Rc2 1/2-1/2

[Event "Sotra op3"]
[Site "Sotra"]
[Date "2004.09.16"]
[Round "3"]
[White "Kallesoe, Torben"]
[Black "Hagen, Oddbjorn"]
[Result "1/2-1/2"]
[WhiteElo "1395"]
[BlackElo "1451"]
[PlyCount "66"]
[EventDate "2004.09.02"]
[EventType "swiss"]
[EventRounds "9"]
[EventCountry "NOR"]
[SourceTitle "EXT 2008"]
[Source "ChessBase"]
[SourceDate "2007.11.25"]
[SourceVersion "1"]
[SourceVersionDate "2007.11.25"]
[SourceQuality "1"]

1. d4 Nf6 2. c4 e6 3. Nf3 d5 4. Nc3 c6 5. Bg5 Nbd7 6. e3 Qa5 7. Qc2 Ne4 8. cxd5 Nxg5 9. Nxg5 exd5 10. Nxh7 Be7 11. f4 g6 12. Ng5 Bxg5 13. fxg5 Qd8 14. h4 Nf8 15. 0-0-0 Ne6 16. Bd3 Qe7 17. Kb1 Ng7 18. e4 dxe4 19. Nxe4 Be6 20. Nc5 0-0-0 21. Be4 Kb8 22. Qf2 Bf5 23. Rhe1 Qd6 24. Bxf5 Nxf5 25. Ne4 Qc7 26. g3 Rde8 27. d5 cxd5 28. Rxd5 Re5 29. Rd3 Rhe8 30. Qf4 R5e6 31. Qxc7+ Kxc7 32. Rc1+ Rc6 33. Nc3 Kb8 1/2-1/2

[Event "Sotra Hostturneringen"]
[Site "Sotra"]
[Date "2003.08.28"]
[Round "1"]
[White "Moen, Vebjoern"]
[Black "Hagen, Oddbjorn"]
[Result "0-1"]
[WhiteElo "880"]
[BlackElo "1441"]
[PlyCount "64"]
[EventDate "2003.08.??"]
[EventType "swiss"]
[EventRounds "10"]
[EventCountry "NOR"]
[SourceTitle "EXT 2005"]
[Source "ChessBase"]
[SourceDate "2004.11.15"]
[SourceVersion "1"]
[SourceVersionDate "2004.11.15"]
[SourceQuality "1"]

1. e4 e6 2. d4 d5 3. e5 c5 4. c3 Nc6 5. Nf3 Qb6 6. Nbd2 cxd4 7. cxd4 Nxd4 8. Nxd4 Qxd4 9. Bb5+ Bd7 10. Bxd7+ Kxd7 11. Nf3 Qxd1+ 12. Kxd1 Bc5 13. Ke2 Ne7 14. b3 Rac8 15. Rd1 Rc7 16. Be3 Bxe3 17. fxe3 h6 18. e4 Rc2+ 19. Kf1 Rhc8 20. Nd4 R2c5 21. Nf3 Ke8 22. exd5 Nxd5 23. Kf2 Rc2+ 24. Kg3 Ne3 25. Rd2 Rxd2 26. Nxd2 Rc2 27. Kf3 Rxd2 28. Kxe3 Rxg2 29. h3 Rg3+ 30. Kf4 Rxh3 31. Rc1 Rh2 32. Ra1 Re2 0-1

[Event "Sotra Varturneringen"]
[Site "Sotra"]
[Date "2003.01.30"]
[Round "1"]
[White "Hagen, Oddbjorn"]
[Black "Glesnes, Ivar Magne"]
[Result "1-0"]
[WhiteElo "1422"]
[BlackElo "587"]
[PlyCount "77"]
[EventDate "2003.01.??"]
[EventType "tourn"]
[EventRounds "10"]
[EventCountry "NOR"]
[SourceTitle "EXT 2005"]
[Source "ChessBase"]
[SourceDate "2004.11.15"]
[SourceVersion "1"]
[SourceVersionDate "2004.11.15"]
[SourceQuality "1"]

1. e4 e5 2. Nf3 Nc6 3. Bb5 Nge7 4. c3 d6 5. d3 Bd7 6. Ba4 Ng6 7. 0-0 Be7 8. Re1 a6 9. Nbd2 b5 10. Bb3 Be6 11. Bc2 Nf4 12. Nf1 Bf6 13. Ng3 Ne7 14. d4 Qc8 15. Bxf4 exf4 16. Nh5 Ng6 17. Nxf6+ gxf6 18. Qd2 Rg8 19. e5 fxe5 20. dxe5 Qd7 21. exd6 cxd6 22. Bxg6 hxg6 23. Qxf4 Kf8 24. Qh6+ Ke8 25. Qf4 Rc8 26. Ng5 Kd8 27. Qf6+ Kc7 28. Nxe6+ fxe6 29. Qxe6 Rce8 30. Qxd7+ Kxd7 31. Rxe8 Rxe8 32. Kf1 Kc6 33. Re1 Rg8 34. f4 Kc5 35. Kf2 Kc4 36. Kf3 d5 37. g4 d4 38. Re4 Rh8 39. Rxd4+ 1-0

[Event "NOR-chT north 0001"]
[Site "Norway"]
[Date "2001.??.??"]
[Round "5"]
[White "Hagen, Oddbjorn"]
[Black "Lorentzen, Bjoern Inge"]
[Result "1-0"]
[WhiteElo "1424"]
[BlackElo "1249"]
[PlyCount "76"]
[EventDate "2001.??.??"]
[EventType "team"]
[EventRounds "5"]
[EventCountry "NOR"]
[SourceTitle "EXT 2005"]
[Source "ChessBase"]
[SourceDate "2004.11.15"]
[SourceVersion "1"]
[SourceVersionDate "2004.11.15"]
[SourceQuality "1"]

1. e4 e5 2. Nf3 Nc6 3. Bb5 a6 4. Ba4 Nf6 5. d3 Be7 6. Bxc6 dxc6 7. Nxe5 0-0 8. Nd2 Bc5 9. 0-0 Re8 10. Nef3 Bg4 11. Re1 Qd7 12. Nf1 h5 13. Ne3 h4 14. Nxg4 Qxg4 15. h3 Qh5 16. Bg5 Re6 17. Bxh4 Nh7 18. d4 Bb6 19. c3 Rae8 20. e5 Rg6 21. Kf1 Qf5 22. Bg3 Ng5 23. Nh4 Qe6 24. Nxg6 fxg6 25. Qb3 Rf8 26. Qxe6+ Nxe6 27. Rad1 a5 28. a4 Ba7 29. Ke2 b5 30. axb5 cxb5 31. d5 Ng5 32. f4 Ne4 33. Kf3 Nc5 34. Bf2 g5 35. g3 b4 36. cxb4 axb4 37. Rc1 gxf4 38. Bxc5 fxg3+ 1-0